[Event "30.Schlosspark-Open"]
[Site "Wiesbaden-Biebrich"]
[Date "2018.08.25"]
[Round "5.63"]
[White "Kuenne, Lutz"]
[Black "Eg, Karlheinz"]
[Result "0-1"]
[WhiteElo "1549"]
[BlackElo "1863"]
[PlyCount "66"]
[EventDate "2018.??.??"]
[WhiteTeam "KC Jena"]
[BlackTeam "SV RÃ¼sselsheim"]

1. d4 Nf6 2. Bf4 g6 3. Nf3 Bg7 4. Nbd2 d5 5. e3 O-O 6. Bd3 Nc6 7. c3 Re8 8. h4
Nh5 9. Qc2 a6 10. O-O-O b5 11. Nb3 b4 12. a3 bxa3 13. bxa3 Nxf4 14. exf4 Qd6
15. Kb2 Rb8 16. Ka2 Bf8 17. Ne5 e6 18. Nc5 Nxe5 19. fxe5 Qc6 20. Qa4 Qxa4 21.
Nxa4 Bd7 22. Bc2 Rb5 23. Rb1 Ra5 24. g4 Bxa4 25. Bxa4 Rxa4 26. Rb3 c5 27. dxc5
Bxc5 28. f3 Rc8 29. Kb2 Kg7 30. Ra1 Rc4 31. a4 d4 32. cxd4 Bxd4+ 33. Ka3 Bxa1
0-1

[Event "30.Schlosspark-Open"]
[Site "Wiesbaden-Biebrich"]
[Date "2018.08.25"]
[Round "5.64"]
[White "Schoeber, Sebastian"]
[Black "Stork, Christopher"]
[Result "1-0"]
[WhiteElo "1846"]
[BlackElo "1720"]
[PlyCount "65"]
[EventDate "2018.??.??"]
[WhiteTeam "Wiesbadener SV"]
[BlackTeam "SV Oberursel"]

1. d4 d5 2. Nf3 Nf6 3. Bf4 Bf5 4. e3 e6 5. Nbd2 Nbd7 6. c4 c6 7. Qb3 Qb6 8. c5
Qxb3 9. axb3 Be7 10. b4 O-O 11. b5 Nh5 12. bxc6 bxc6 13. Bc7 Rfc8 14. Ba5 Bd8
15. Bc3 Nhf6 16. Ba6 Rcb8 17. O-O Ne8 18. Ra2 Kf8 19. Rfa1 h6 20. b4 f6 21. Bf1
Rb7 22. b5 Nb8 23. b6 a6 24. Bxa6 Nxa6 25. Rxa6 Rxa6 26. Rxa6 Ke7 27. Nb3 Bd3
28. Ra8 Bxb6 29. cxb6 Rxb6 30. Ra7+ Kd6 31. Nfd2 Nc7 32. Ba5 Ra6 33. Bxc7+ 1-0

[Event "30.Schlosspark-Open"]
[Site "Wiesbaden-Biebrich"]
[Date "2018.08.25"]
[Round "5.65"]
[White "Muenstermann, Matthias"]
[Black "Jakesevic, Ivan"]
[Result "0-1"]
[WhiteElo "1839"]
[BlackElo "1623"]
[PlyCount "140"]
[EventDate "2018.??.??"]
[WhiteTeam "SK Langen"]
[BlackTeam "FC Bierstadt"]

1. d4 Nf6 2. c4 d6 3. Nc3 g6 4. e4 Bg7 5. f3 Nbd7 6. Be3 O-O 7. Qd2 c5 8. d5 a6
9. Bd3 Ne5 10. Nge2 Nxd3+ 11. Qxd3 Qc7 12. O-O Bd7 13. a3 b5 14. cxb5 axb5 15.
Nf4 Rfb8 16. Qd2 b4 17. axb4 Rxa1 18. Rxa1 Rxb4 19. Nd3 Rb7 20. Bf4 Nh5 21. Bg5
Nf6 22. Rb1 Qb8 23. Nf2 Kf8 24. Nfd1 Ne8 25. Bh6 Nc7 26. Bxg7+ Kxg7 27. Qd3 Rb3
28. Qc4 Qb4 29. Qxb4 Rxb4 30. Kf2 e6 31. dxe6 Bxe6 32. Ra1 Rb7 33. h3 f5 34.
Ke3 Kf6 35. exf5 Bxf5 36. Ne4+ Bxe4 37. Kxe4 d5+ 38. Ke3 g5 39. Ra5 Ne6 40. Kd2
Ke5 41. g3 Nd4 42. Kd3 Rb3+ 43. Nc3 c4+ 44. Kd2 Rxb2+ 45. Kd1 Nxf3 46. Rxd5+
Ke6 47. Rd8 Rh2 48. h4 gxh4 49. gxh4 Rxh4 50. Ke2 Nd4+ 51. Kf2 Nf5 52. Ra8 h5
53. Ra6+ Kf7 54. Rc6 Rf4+ 55. Kg2 h4 56. Nd5 Rg4+ 57. Kh2 Ng7 58. Rf6+ Kg8 59.
Rf4 Rxf4 60. Nxf4 Nf5 61. Nd5 Kf7 62. Nc3 Ke6 63. Kh3 Ke5 64. Nb5 Ke4 65. Nc3+
Kd3 66. Nb5 c3 67. Nxc3 Kxc3 68. Kh2 Kd3 69. Kh3 Ke3 70. Kh2 Kf4 0-1

[Event "30.Schlosspark-Open"]
[Site "Wiesbaden-Biebrich"]
[Date "2018.08.25"]
[Round "5.66"]
[White "Rowland, Anthony"]
[Black "Bursch, Alexander"]
[Result "1/2-1/2"]
[WhiteElo "1832"]
[BlackElo "1627"]
[PlyCount "57"]
[EventDate "2018.??.??"]
[WhiteTeam "SC Taunusstein"]
[BlackTeam "SV Hennef"]

1. c4 e6 2. Nf3 Nf6 3. g3 c5 4. Bg2 Nc6 5. Nc3 a6 6. O-O Be7 7. d4 cxd4 8. Nxd4
O-O 9. e4 Qb6 10. Nb3 d6 11. Be3 Qc7 12. Rc1 Nd7 13. Nd5 Qd8 14. Nxe7+ Qxe7 15.
c5 dxc5 16. Nxc5 Rd8 17. Nxd7 Bxd7 18. Bb6 Re8 19. Qd2 Rac8 20. Rfd1 Nb8 21.
Rxc8 Rxc8 22. e5 Bc6 23. Qd6 Qe8 24. Bc7 Bxg2 25. Kxg2 Nc6 26. a3 h6 27. Bb6
Nxe5 28. Kg1 Nc4 29. Qb4 1/2-1/2

[Event "30.Schlosspark-Open"]
[Site "Wiesbaden-Biebrich"]
[Date "2018.08.25"]
[Round "5.67"]
[White "Bolduan, Michael"]
[Black "Rosen, Thomas"]
[Result "1-0"]
[WhiteElo "1827"]
[BlackElo "1235"]
[PlyCount "43"]
[EventDate "2018.??.??"]
[WhiteTeam "SC Taunusstein"]
[BlackTeam "SV Lahn Limburg"]

1. e4 d6 2. d4 Nf6 3. Nc3 g6 4. Bc4 c6 5. Qe2 Nbd7 6. e5 dxe5 7. dxe5 b5 8.
Bxf7+ Kxf7 9. exf6 exf6 10. Nf3 Bb4 11. O-O Re8 12. Be3 Qa5 13. Qd2 Nb6 14.
Bxb6 Qxb6 15. Qf4 Kg7 16. Qxb4 Qc7 17. Rae1 Be6 18. Re3 Bc4 19. Rfe1 Rxe3 20.
Rxe3 c5 21. Nxb5 Qb6 22. Qxc4 1-0

[Event "30.Schlosspark-Open"]
[Site "Wiesbaden-Biebrich"]
[Date "2018.08.25"]
[Round "5.68"]
[White "Kiechl, Stefan"]
[Black "Werner, Rosalie"]
[Result "1-0"]
[WhiteElo "1817"]
[BlackElo "1536"]
[PlyCount "87"]
[EventDate "2018.??.??"]
[WhiteTeam "SK Kriegshaber"]
[BlackTeam "VSG Offenbach"]

1. e4 e6 2. d4 d5 3. Nc3 Nf6 4. Bg5 Be7 5. e5 Nfd7 6. h4 a6 7. Qg4 f5 8. Qf4 h6
9. Bxe7 Qxe7 10. Be2 g6 11. Qg3 Kf7 12. Nh3 Rg8 13. Qe3 Qf8 14. Nf4 Qg7 15.
Nfxd5 exd5 16. Nxd5 Nf8 17. Nxc7 Ra7 18. Bc4+ Ne6 19. Nxe6 Bxe6 20. d5 Ra8 21.
dxe6+ Ke8 22. O-O-O Rh8 23. f4 Qe7 24. Qd4 Nc6 25. Qd6 Rd8 26. Qxe7+ Kxe7 27.
c3 Rxd1+ 28. Rxd1 Rd8 29. Rxd8 Nxd8 30. Kd2 b5 31. Bd5 Nxe6 32. Bxe6 Kxe6 33.
Ke3 Kd5 34. b3 a5 35. g3 h5 36. Kd3 a4 37. b4 a3 38. Kc2 Ke6 39. c4 bxc4 40. b5
Kd5 41. Kc3 Kc5 42. b6 Kxb6 43. Kxc4 Kc6 44. Kb4 1-0

[Event "30.Schlosspark-Open"]
[Site "Wiesbaden-Biebrich"]
[Date "2018.08.25"]
[Round "5.69"]
[White "Schneider, Stephan"]
[Black "Koerbel, Ekkehard"]
[Result "0-1"]
[WhiteElo "1470"]
[BlackElo "1810"]
[PlyCount "84"]
[EventDate "2018.??.??"]
[WhiteTeam "SF Riedlingen"]
[BlackTeam "SK Geisenheim"]

1. e4 e5 2. Nf3 Nc6 3. Bc4 Bc5 4. c3 Nf6 5. d3 d6 6. Bb3 a5 7. a4 Ba7 8. Nbd2
O-O 9. Nf1 Ng4 10. Ne3 Nxe3 11. Bxe3 Qf6 12. h3 Be6 13. Bc2 h6 14. g4 Bxe3 15.
fxe3 Rad8 16. Qe2 Na7 17. Kd2 d5 18. d4 dxe4 19. Bxe4 Rfe8 20. Kc2 exd4 21.
cxd4 c5 22. Raf1 Qe7 23. Rd1 cxd4 24. Nxd4 Bc4 25. Bd3 Bxd3+ 26. Rxd3 Qc5+ 27.
Kd2 Qb4+ 28. Kc2 Rxd4 29. Rxd4 Qxd4 30. exd4 Rxe2+ 31. Kc3 Kf8 32. b4 axb4+ 33.
Kxb4 b6 34. Rb1 Ke7 35. Kc4 Re6 36. a5 b5+ 37. Kb4 Kd7 38. Rc1 Re3 39. Rc3 Nc6+
40. Kb3 Nxa5+ 41. Kb4 Nc6+ 42. Kb3 Nxd4+ 0-1

[Event "30.Schlosspark-Open"]
[Site "Wiesbaden-Biebrich"]
[Date "2018.08.25"]
[Round "5.70"]
[White "Adam, Wilfried"]
[Black "Gerber, Ingo"]
[Result "1-0"]
[WhiteElo "1802"]
[BlackElo "1516"]
[PlyCount "93"]
[EventDate "2018.??.??"]
[WhiteTeam "SC Bad Wimpfen"]
[BlackTeam "SF Mainz"]

1. e4 e5 2. Nf3 Nf6 3. d3 Nc6 4. c3 Be7 5. g3 d5 6. Nbd2 Bg4 7. Bg2 O-O 8. O-O
dxe4 9. dxe4 Qe8 10. h3 Bh5 11. Qc2 h6 12. Nc4 Bd6 13. Nh4 Rd8 14. Ne3 Ne7 15.
b3 Bg6 16. a4 Bh7 17. Nhf5 Nxf5 18. Nxf5 Bxf5 19. exf5 b6 20. Re1 Qd7 21. g4
Nh7 22. Be3 Rfe8 23. Rad1 Qe7 24. Bf4 Qf6 25. Bg3 a5 26. Bc6 Re7 27. Qe4 Ng5
28. Qg2 Nh7 29. Re3 Nf8 30. Qe4 Nd7 31. b4 axb4 32. cxb4 g6 33. Rf3 g5 34. Rfd3
Nb8 35. Bd5 Na6 36. Rb1 Kf8 37. Bb7 Nb8 38. a5 bxa5 39. bxa5 Nd7 40. Rc1 Rb8
41. Qc6 Rxb7 42. Qxb7 Nc5 43. Rxc5 Bxc5 44. Rd8+ Kg7 45. a6 Qb6 46. Qc8 Qf6 47.
Rh8 1-0

[Event "30.Schlosspark-Open"]
[Site "Wiesbaden-Biebrich"]
[Date "2018.08.25"]
[Round "5.71"]
[White "Cichon, Joerg"]
[Black "Stollreiter, Marc"]
[Result "1/2-1/2"]
[WhiteElo "1776"]
[BlackElo "1183"]
[PlyCount "44"]
[EventDate "2018.??.??"]
[WhiteTeam "SF Mainz"]
[BlackTeam "KÃ¶lner SK Dr. Lasker"]

1. e4 c5 2. Nf3 d6 3. d4 cxd4 4. Nxd4 Nc6 5. Nb3 Nf6 6. Nc3 a6 7. Be2 g6 8. Be3
Bg7 9. f3 b5 10. a3 O-O 11. O-O Bb7 12. Kh1 Rc8 13. Rb1 Ne5 14. Qc1 Nc4 15. Bf2
Qc7 16. Bxc4 bxc4 17. Nd4 Rfe8 18. Qe3 e6 19. Rfd1 d5 20. e5 Nd7 21. f4 h5 22.
h3 Qd8 1/2-1/2

[Event "30.Schlosspark-Open"]
[Site "Wiesbaden-Biebrich"]
[Date "2018.08.25"]
[Round "5.72"]
[White "Viol, Julius"]
[Black "Kummer, Wolfram"]
[Result "0-1"]
[WhiteElo "1666"]
[BlackElo "2108"]
[PlyCount "120"]
[EventDate "2018.??.??"]
[WhiteTeam "FC Bierstadt"]
[BlackTeam "Godesberger SK"]

1. d4 Nf6 2. Nf3 c5 3. c3 e6 4. Bf4 cxd4 5. cxd4 Qb6 6. Qc1 Bb4+ 7. Nbd2 Nc6 8.
a3 Bxd2+ 9. Qxd2 Ne4 10. Qc2 d5 11. e3 Qa5+ 12. Nd2 Bd7 13. f3 Nxd2 14. Qxd2
Qd8 15. Be2 O-O 16. O-O Qf6 17. Rac1 Rfe8 18. Bb5 Qg6 19. Bd3 Qf6 20. Bb5 Qe7
21. Bxc6 Bxc6 22. Bg3 f6 23. f4 a5 24. Rc5 a4 25. h4 Qf7 26. Bh2 Qh5 27. Qf2
Qf5 28. Qf3 h5 29. Rfc1 Ra6 30. Qe2 Rea8 31. R1c2 Rb6 32. Bg3 Rb3 33. R5c3 Rb6
34. Rc5 Raa6 35. Qd1 Rb3 36. R5c3 Rab6 37. Rxb3 Rxb3 38. Qc1 Qg4 39. Kh2 Rd3
40. Rc3 Rd1 41. Qc2 Kf8 42. Rd3 Ra1 43. b4 axb3 44. Rxb3 Kg8 45. Rc3 Kf8 46.
Rb3 Kf7 47. Rc3 Qg6 48. Qxg6+ Kxg6 49. Bf2 Kf5 50. g3 Kg4 51. Kg2 g6 52. Rc2
Bb5 53. Kh2 Bd3 54. Rb2 Be4 55. Bg1 Rxa3 56. Rf2 Bf3 57. Rb2 b5 58. Rxb5 Ra2+
59. Bf2 Rxf2+ 60. Kg1 Kxg3 0-1

[Event "30.Schlosspark-Open"]
[Site "Wiesbaden-Biebrich"]
[Date "2018.08.25"]
[Round "5.73"]
[White "Thomele, Michael"]
[Black "Werner, Tom"]
[Result "0-1"]
[WhiteElo "1886"]
[BlackElo "1627"]
[PlyCount "52"]
[EventDate "2018.??.??"]
[WhiteTeam "SC Obernau"]
[BlackTeam "VSG Offenbach"]

1. e4 e6 2. d4 d5 3. Nd2 Nf6 4. e5 Nfd7 5. c3 c5 6. Bd3 Nc6 7. Ne2 Qb6 8. Nf3
Be7 9. O-O O-O 10. a3 f6 11. exf6 Nxf6 12. b4 cxd4 13. cxd4 a6 14. h3 Bd7 15.
Bf4 Rac8 16. Re1 Rf7 17. Bh2 Ne4 18. Bxe4 dxe4 19. Ne5 Nxe5 20. Bxe5 Rcf8 21.
Bg3 Bd6 22. Kh2 Rxf2 23. Qb3 R8f3 24. Qc4 Bxg3+ 25. Nxg3 Qd8 26. Kh1 Rxg3 0-1

[Event "30.Schlosspark-Open"]
[Site "Wiesbaden-Biebrich"]
[Date "2018.08.25"]
[Round "5.74"]
[White "Michalski, Uwe"]
[Black "Polat, Marcel"]
[Result "1/2-1/2"]
[WhiteElo "1860"]
[BlackElo "1643"]
[PlyCount "63"]
[EventDate "2018.??.??"]
[WhiteTeam "SF Mainz"]
[BlackTeam "Vorw.Orient Mainz"]

1. c4 c5 2. g3 Nc6 3. Bg2 g6 4. Nc3 Bg7 5. a3 d6 6. d3 Bd7 7. Nf3 Nf6 8. O-O
O-O 9. h3 Ne8 10. e4 e5 11. Ne1 Nd4 12. f4 Qc8 13. Nd5 Kh8 14. f5 gxf5 15. Ne7
Qd8 16. Nxf5 Nxf5 17. exf5 Bc6 18. Be4 d5 19. cxd5 Bxd5 20. Qf3 Bxe4 21. dxe4
Qd4+ 22. Be3 Qd6 23. g4 Bh6 24. Kh2 Bxe3 25. Qxe3 Qd4 26. Qxd4 cxd4 27. Nd3 f6
28. g5 fxg5 29. Nxe5 Nf6 30. Rae1 Rae8 31. Nf3 Rxe4 32. Rxe4 1/2-1/2

[Event "30.Schlosspark-Open"]
[Site "Wiesbaden-Biebrich"]
[Date "2018.08.25"]
[Round "5.75"]
[White "Knoedler, Marcel"]
[Black "Seidel, Martin"]
[Result "1/2-1/2"]
[WhiteElo "1646"]
[BlackElo "1860"]
[PlyCount "49"]
[EventDate "2018.??.??"]
[WhiteTeam "FC Bierstadt"]
[BlackTeam "SV Hennef"]

1. c4 Nf6 2. g3 c5 3. Bg2 Nc6 4. Nc3 d6 5. d3 Bd7 6. e3 g6 7. Nge2 Bg7 8. a3
O-O 9. O-O Qc8 10. Rb1 a5 11. Bd2 e5 12. e4 Bh3 13. Nd5 Nxd5 14. cxd5 Nd4 15.
Nxd4 exd4 16. f3 Bxg2 17. Kxg2 a4 18. b4 axb3 19. Qxb3 Ra7 20. a4 f5 21. h3 h5
22. a5 Rf7 23. Qc2 Kh7 24. Rfc1 Qf8 25. Rf1 1/2-1/2

[Event "30.Schlosspark-Open"]
[Site "Wiesbaden-Biebrich"]
[Date "2018.08.25"]
[Round "5.76"]
[White "Lorenz, Hermann"]
[Black "Brechlin, Olaf"]
[Result "0-1"]
[WhiteElo "1640"]
[BlackElo "1849"]
[PlyCount "76"]
[EventDate "2018.??.??"]
[WhiteTeam "SF Mainz"]
[BlackTeam "FVS ASP Hoyerswerda"]

1. c4 b6 2. Nf3 Bb7 3. g3 e5 4. d3 Bc5 5. Bg2 f5 6. O-O d6 7. Nc3 Nf6 8. e3 O-O
9. a3 b5 10. cxb5 Nbd7 11. b4 Bb6 12. Bb2 c5 13. bxc6 Bxc6 14. Rc1 Rc8 15. a4
a5 16. b5 Ba8 17. Qb3+ Kh8 18. Ng5 Bxg2 19. Kxg2 Qe7 20. Nf3 Nc5 21. Qd1 Qf7
22. d4 exd4 23. Nxd4 Nfe4 24. Nc6 Rce8 25. Nd5 Nxa4 26. Nxb6 Nxb6 27. Nxa5 Ra8
28. Ra1 Rxa5 29. Rxa5 Nc4 30. Qa1 Ned2 31. Ra7 Qd5+ 32. f3 Nxe3+ 33. Kh3 Nxf3
34. Rxg7 Ne5 35. Qa7 Qg2+ 36. Kh4 Qxh2+ 37. Kg5 Qxg3+ 38. Kh6 Qh4# 0-1

[Event "30.Schlosspark-Open"]
[Site "Wiesbaden-Biebrich"]
[Date "2018.08.25"]
[Round "5.77"]
[White "Traut, Stefan"]
[Black "Meyer, Marcel"]
[Result "0-1"]
[WhiteElo "1627"]
[BlackElo "1799"]
[PlyCount "86"]
[EventDate "2018.??.??"]
[WhiteTeam "SF Heusenstamm"]
[BlackTeam "SC Herborn"]

1. d4 e6 2. Nf3 c5 3. c3 d5 4. Bf4 Nc6 5. e3 Nf6 6. h3 Bd6 7. Bxd6 Qxd6 8. Bb5
O-O 9. Bxc6 bxc6 10. O-O a5 11. dxc5 Qxc5 12. Qd4 Qxd4 13. exd4 Ba6 14. Re1
Rab8 15. b3 Rfc8 16. Nbd2 c5 17. Rac1 Rb7 18. dxc5 Rxc5 19. a3 Rbc7 20. Nb1 Bd3
21. b4 axb4 22. axb4 Rb5 23. Nbd2 Rb8 24. Ne5 Bf5 25. g4 Bg6 26. Nxg6 hxg6 27.
f3 Rbc8 28. Rb1 Rxc3 29. Nb3 Rxf3 30. Kg2 Rcc3 31. Nd4 Rg3+ 32. Kf2 Rxh3 33. b5
Nxg4+ 34. Ke2 Rh2+ 35. Kf1 Rh1+ 36. Ke2 Re3+ 37. Kd2 Rexe1 38. Rxe1 Rxe1 39.
Kxe1 Ne5 40. Nc6 Nc4 41. Ke2 Kf8 42. Kd3 Ke8 43. Nd4 Kd7 0-1

[Event "30.Schlosspark-Open"]
[Site "Wiesbaden-Biebrich"]
[Date "2018.08.25"]
[Round "5.78"]
[White "Meding, Olaf"]
[Black "Jahraus, Marlis"]
[Result "1-0"]
[WhiteElo "1779"]
[BlackElo "1588"]
[PlyCount "49"]
[EventDate "2018.??.??"]
[WhiteTeam "SF Mainz"]
[BlackTeam "SC Untergrombach"]

1. d4 f5 2. Bf4 Nf6 3. Nf3 g6 4. e3 Bg7 5. Nbd2 O-O 6. Bd3 d6 7. c3 Qe8 8. O-O
h6 9. h3 b6 10. Qc2 Ba6 11. Rfe1 Bxd3 12. Qxd3 Qf7 13. Bg3 Nbd7 14. e4 Nh5 15.
exf5 gxf5 16. Bh2 Kh8 17. Re2 f4 18. Nh4 Rfe8 19. Rae1 e5 20. dxe5 Nxe5 21. Qf5
Qf6 22. Qxh5 Kg8 23. Ne4 Qe6 24. Ng5 Qe7 25. Rxe5 1-0

[Event "30.Schlosspark-Open"]
[Site "Wiesbaden-Biebrich"]
[Date "2018.08.25"]
[Round "5.79"]
[White "Schneider, Luca"]
[Black "Sefeloge, Michael"]
[Result "1/2-1/2"]
[WhiteElo "1480"]
[BlackElo "1763"]
[PlyCount "117"]
[EventDate "2018.??.??"]
[WhiteTeam "FC Bierstadt"]
[BlackTeam "SV Lahnstein"]

1. Nf3 c5 2. e3 Nf6 3. b3 e6 4. Bb2 Be7 5. d4 cxd4 6. Nxd4 d5 7. c4 dxc4 8.
Bxc4 a6 9. O-O O-O 10. Nd2 Bd7 11. N2f3 Nc6 12. Qe2 b5 13. Bd3 Rc8 14. Rac1 Qb6
15. Rfd1 Rfd8 16. e4 Be8 17. Nxc6 Bxc6 18. Nd4 Ne8 19. Nxc6 Rxc6 20. Rxc6 Qxc6
21. e5 g6 22. Rc1 Qb6 23. Be4 Bg5 24. Rc6 Qa5 25. Bc3 Qa3 26. g3 b4 27. Be1 Qa5
28. f4 Be7 29. Bf2 Qb5 30. Qxb5 axb5 31. Rc2 f6 32. Bb6 Rd1+ 33. Kf2 fxe5 34.
Rc8 Kf7 35. Bc6 Nd6 36. Rc7 exf4 37. Bc5 fxg3+ 38. hxg3 Kf6 39. Bxb4 Nf5 40.
Bc3+ Kg5 41. Bxb5 Bd6 42. Rc6 Bxg3+ 43. Ke2 Rd6 44. a4 h5 45. a5 Rxc6 46. Bxc6
Bc7 47. a6 Bb6 48. Bd7 h4 49. Bxe6 Nd6 50. Bd2+ Kh5 51. Be3 Bxe3 52. Kxe3 Nb5
53. Bf7 Kg5 54. Kf3 Kf6 55. Bxg6 Kxg6 56. Kg4 Kf6 57. Kxh4 Ke6 58. Kg4 Kd6 59.
Kf5 1/2-1/2

[Event "30.Schlosspark-Open"]
[Site "Wiesbaden-Biebrich"]
[Date "2018.08.25"]
[Round "5.80"]
[White "Herrmann, Gerhard"]
[Black "Donecker, Stefan"]
[Result "1/2-1/2"]
[WhiteElo "1575"]
[BlackElo "1754"]
[PlyCount "31"]
[EventDate "2018.??.??"]
[WhiteTeam "SC KÃ¶nigsspringer Alzenau"]
[BlackTeam "TuS Dotzheim"]

1. e4 d5 2. exd5 Qxd5 3. Nc3 Qd6 4. Nf3 Bg4 5. Be2 Nc6 6. d3 Nf6 7. O-O e6 8.
Nb5 Qd7 9. a4 a6 10. Nc3 Be7 11. h3 Bh5 12. Bd2 Rd8 13. Ng5 Bxe2 14. Nxe2 h6
15. Nf3 O-O 16. Bc3 1/2-1/2

[Event "30.Schlosspark-Open"]
[Site "Wiesbaden-Biebrich"]
[Date "2018.08.25"]
[Round "5.81"]
[White "Goodwin, David"]
[Black "Ziegler, Joerg"]
[Result "1/2-1/2"]
[WhiteElo "1539"]
[BlackElo "1744"]
[PlyCount "41"]
[EventDate "2018.??.??"]
[WhiteTeam "SV Kelsterbach"]
[BlackTeam "BKA Wiesbaden"]

1. Nf3 Nf6 2. g3 g6 3. Bg2 Bg7 4. d3 O-O 5. O-O c6 6. c4 d6 7. Nbd2 Nbd7 8. Rb1
Re8 9. b4 a6 10. a3 Rb8 11. Ng5 Nf8 12. Nge4 Nxe4 13. Nxe4 Bd7 14. Bd2 Qc8 15.
Qe1 Bh3 16. Bc3 Bxg2 17. Kxg2 Qc7 18. Bxg7 Kxg7 19. Qc3+ Kg8 20. f4 f5 21. Nf2
1/2-1/2

[Event "30.Schlosspark-Open"]
[Site "Wiesbaden-Biebrich"]
[Date "2018.08.25"]
[Round "5.82"]
[White "Witt, Alexander"]
[Black "Senatov, Boris"]
[Result "0-1"]
[WhiteElo "1535"]
[BlackElo "1733"]
[PlyCount "48"]
[EventDate "2018.??.??"]
[WhiteTeam "Vorw.Orient Mainz"]
[BlackTeam "SC Heusenstamm"]

1. e4 c5 2. Nf3 d6 3. d4 cxd4 4. Nxd4 Nf6 5. Nc3 a6 6. Be2 e5 7. Nb3 Be7 8. O-O
Be6 9. Be3 Nbd7 10. a3 O-O 11. Bf3 b5 12. h3 Nb6 13. Nd2 Rc8 14. Be2 d5 15.
Bxb6 Qxb6 16. exd5 Nxd5 17. Nde4 Rfd8 18. Qe1 f5 19. Nxd5 Rxd5 20. Nc3 Rdc5 21.
Rd1 Bf6 22. Rd3 e4 23. Re3 Bg5 24. f4 Rxc3 0-1

[Event "30.Schlosspark-Open"]
[Site "Wiesbaden-Biebrich"]
[Date "2018.08.25"]
[Round "5.84"]
[White "Baumgarten, Fred"]
[Black "Miranda Martin, Pablo Mateo"]
[Result "0-1"]
[WhiteElo "1721"]
[BlackElo "1494"]
[PlyCount "100"]
[EventDate "2018.??.??"]
[WhiteTeam "SV Hennef"]
[BlackTeam "SV Walldorf"]

1. d4 Nf6 2. c4 c5 3. d5 b5 4. cxb5 a6 5. b6 Qxb6 6. Qb3 Qc7 7. Nc3 d6 8. Bg5
Bf5 9. Bxf6 gxf6 10. e4 Bg6 11. Qa4+ Qd7 12. Bb5 axb5 13. Qxa8 Qc7 14. Nxb5 Qb6
15. Qa4 Nd7 16. f3 Bg7 17. Ne2 O-O 18. O-O Ne5 19. h3 f5 20. Nf4 fxe4 21. Nxg6
hxg6 22. Rab1 exf3 23. gxf3 Rb8 24. Nc3 c4+ 25. Kg2 Qe3 26. Qc2 Qg5+ 27. Kh1
Nd3 28. Qg2 Qe3 29. Nd1 Qd4 30. Nc3 Qe3 31. Qe2 Qh6 32. Qg2 Be5 33. Ne2 Rb5 34.
Ng1 Bd4 35. Qg4 Bxg1 36. Kxg1 Rxd5 37. f4 Kg7 38. Kg2 Rf5 39. Kg3 e6 40. b4 Rh5
41. Rh1 Rb5 42. a3 Rf5 43. Rbf1 Nxf4 44. Rxf4 Rg5 45. Rxc4 Rxg4+ 46. Kxg4 Qh5+
47. Kg3 Qe5+ 48. Kf2 Qb2+ 49. Kf1 Qa1+ 50. Kg2 Qa2+ 0-1

[Event "30.Schlosspark-Open"]
[Site "Wiesbaden-Biebrich"]
[Date "2018.08.25"]
[Round "5.85"]
[White "Ringeltaube, Denny"]
[Black "Sitta, Stefan"]
[Result "1/2-1/2"]
[WhiteElo "1718"]
[BlackElo "1487"]
[PlyCount "82"]
[EventDate "2018.??.??"]
[WhiteTeam "Klub KÃ¶lner SF"]
[BlackTeam "Sfr. Wiesbaden"]

1. e4 e6 2. d4 d5 3. exd5 exd5 4. Bd3 Nf6 5. Nf3 Bd6 6. O-O O-O 7. h3 h6 8.
Nbd2 b6 9. Re1 c5 10. c3 Ba6 11. Bxa6 Nxa6 12. Nf1 Nc7 13. Ne5 Ne6 14. Nh2 cxd4
15. cxd4 Rc8 16. Nhg4 Bxe5 17. Nxe5 Qd6 18. Be3 Nd7 19. Qg4 Nxe5 20. dxe5 Qxe5
21. Bxh6 Qxb2 22. Rad1 Qf6 23. Be3 Rfd8 24. h4 Rc2 25. Rd2 Qb2 26. Rxc2 Qxc2
27. h5 Qc3 28. Rc1 Qf6 29. h6 Qg6 30. Qa4 d4 31. Bd2 a5 32. hxg7 Nc5 33. Qb5 d3
34. Rxc5 bxc5 35. Qxc5 Qxg7 36. Qxa5 Rb8 37. g3 Rb1+ 38. Kg2 Qg6 39. Qd8+ Kh7
40. Qh4+ Kg8 41. Qd8+ Kh7 1/2-1/2

[Event "30.Schlosspark-Open"]
[Site "Wiesbaden-Biebrich"]
[Date "2018.08.25"]
[Round "5.86"]
[White "Scheve, Pierre"]
[Black "Lehmann, Wolfgang"]
[Result "0-1"]
[WhiteElo "1503"]
[BlackElo "1615"]
[PlyCount "66"]
[EventDate "2018.??.??"]
[WhiteTeam "TuS Dotzheim"]
[BlackTeam "Wiesbadener SV"]

1. c4 e5 2. g3 Nc6 3. Nc3 Nf6 4. e3 d6 5. Bg2 Be7 6. Nge2 O-O 7. d4 exd4 8.
Nxd4 Nxd4 9. exd4 Re8 10. O-O c6 11. d5 c5 12. b3 a6 13. Bb2 Bf5 14. Re1 Qd7
15. Ne4 Nxe4 16. Bxe4 Bxe4 17. Rxe4 Bf6 18. Qc2 Rxe4 19. Bxf6 Rae8 20. Bg5 Qh3
21. Be3 f5 22. Qd2 Qg4 23. Kg2 Qg6 24. a4 h5 25. h4 Rxh4 26. f3 f4 27. Bxf4
Rxf4 28. Qxf4 Qc2+ 29. Kh3 Re2 30. Rh1 Re5 31. Qh4 Qf5+ 32. Kh2 Re2+ 33. Kg1
Qb1# 0-1

[Event "30.Schlosspark-Open"]
[Site "Wiesbaden-Biebrich"]
[Date "2018.08.25"]
[Round "5.87"]
[White "Troeger, Beate"]
[Black "Baumeister, Lutz"]
[Result "0-1"]
[WhiteElo "1486"]
[BlackElo "1593"]
[PlyCount "76"]
[EventDate "2018.??.??"]
[WhiteTeam "Vorw.Orient Mainz"]
[BlackTeam "Wiesbadener SV"]

1. f4 d5 2. Nf3 Nf6 3. b3 g6 4. Bb2 Bg7 5. g3 O-O 6. Bg2 c6 7. O-O Bg4 8. d3
Nbd7 9. Nbd2 Nh5 10. Ne5 Nxe5 11. Bxe5 Bxe5 12. fxe5 Qc7 13. d4 Rae8 14. Rc1
Qb6 15. Nf3 f6 16. Kh1 fxe5 17. dxe5 Ng7 18. Qd4 Bxf3 19. Qxb6 Bxg2+ 20. Kxg2
axb6 21. c4 Rxf1 22. Kxf1 e6 23. g4 Rf8+ 24. Kg2 Rf4 25. Kg3 Re4 26. Kf3 Rxe5
27. e3 h5 28. h3 h4 29. b4 g5 30. a4 Re4 31. b5 Rxc4 32. Rxc4 dxc4 33. Ke2 cxb5
34. axb5 Ne8 35. Kd2 Nd6 36. Kc3 e5 37. e4 Nxe4+ 38. Kxc4 Nf2 0-1

[Event "30.Schlosspark-Open"]
[Site "Wiesbaden-Biebrich"]
[Date "2018.08.25"]
[Round "5.88"]
[White "Maleski, Heinz"]
[Black "Busch, Guenther"]
[Result "1/2-1/2"]
[WhiteElo "1667"]
[BlackElo "1509"]
[PlyCount "50"]
[EventDate "2018.??.??"]
[WhiteTeam "SV Mainz-Mombach"]
[BlackTeam "FC Bierstadt"]

1. d4 d6 2. Nf3 g6 3. Bf4 Bg7 4. e3 Nd7 5. Be2 e6 6. O-O Ne7 7. c3 a6 8. h3 O-O
9. Nbd2 b6 10. Rc1 Bb7 11. c4 e5 12. dxe5 dxe5 13. Bg3 Nf5 14. Bh2 Nh4 15. Nxh4
Qxh4 16. Nf3 Qe7 17. b3 Rad8 18. Qc2 Nc5 19. Rfd1 Ne4 20. Bd3 Ng5 21. Nxg5 Qxg5
22. Bf1 c5 23. a3 Rxd1 24. Rxd1 Rd8 25. Rxd8+ Qxd8 1/2-1/2

[Event "30.Schlosspark-Open"]
[Site "Wiesbaden-Biebrich"]
[Date "2018.08.25"]
[Round "5.89"]
[White "Martin, Lukas"]
[Black "Ostendorph, Elias"]
[Result "1/2-1/2"]
[WhiteElo "1526"]
[BlackElo "1281"]
[PlyCount "119"]
[EventDate "2018.??.??"]
[WhiteTeam "SC Bad Soden"]
[BlackTeam "TSG Ã–hringen"]

1. d4 Nf6 2. c4 c6 3. Nc3 d5 4. Bf4 g6 5. Nf3 Bg7 6. e3 Nbd7 7. Be2 Nh5 8. Bg3
dxc4 9. Bxc4 Nb6 10. Qb3 Nxc4 11. Qxc4 O-O 12. Be5 Bxe5 13. Nxe5 Be6 14. Qe2 f6
15. Nf3 b5 16. O-O Bc4 17. Qc2 Bxf1 18. Kxf1 Ng7 19. Ne4 Qd5 20. Nc5 Qc4+ 21.
Qxc4+ bxc4 22. Rc1 Rfb8 23. b3 cxb3 24. Nxb3 Rb6 25. Nfd2 Rab8 26. Nc4 Ra6 27.
Rc2 Ne6 28. Nca5 Nd8 29. Ke2 Kf7 30. h3 g5 31. Kd3 Kg6 32. g4 Rb5 33. Nc4 Rxa2
34. Rxa2 Rxb3+ 35. Kc2 Rb7 36. Na5 Rd7 37. Kc1 e6 38. Rc2 Rc7 39. e4 f5 40.
exf5+ exf5 41. d5 fxg4 42. hxg4 c5 43. Nc6 Ne6 44. Ne5+ Kf6 45. Nd3 Nf4 46.
Nxf4 gxf4 47. d6 Rd7 48. Rxc5 Rxd6 49. Rf5+ Kg6 50. Rxf4 Rf6 51. Ra4 Rxf2 52.
Rxa7 Rf4 53. Ra8 Rxg4 54. Kd1 Re4 55. Rg8+ Kh5 56. Rg2 Rg4 57. Rh2+ Kg6 58. Ke1
Rf4 59. Rg2+ Kf5 60. Rf2 1/2-1/2